[Event "Open"]
[Site "Olomouc CZE"]
[Date "2003.08.05"]
[Round "7"]
[White "Sikora Lerch,J"]
[Black "Laznicka,V"]
[Result "0-1"]
[WhiteElo "2324"]
[BlackElo "2446"]

1.Nf3 Nf6 2.g3 b6 3.Bg2 Bb7 4.c4 c5 5.O-O e6 6.b3 Be7 7.Bb2 O-O 8.d4 cxd4
9.Nbd2 Qc7 10.Nxd4 Bxg2 11.Kxg2 Qb7+ 12.N2f3 d6 13.Kg1 a6 14.Qd3 Nbd7 15.Ng5 Ne5
16.Qd2 h6 17.Ngf3 Rfd8 18.Qc2 Ned7 19.Rac1 Rdc8 20.Qb1 Rc7 21.Nd2 Rac8 22.e4 Ne5
23.f4 Nc6 24.N4f3 b5 25.h3 bxc4 26.Nxc4 d5 27.exd5 exd5 28.Nce5 Ne4 29.Kh2 Qb5
30.Nc4 Bc5 31.a4 Qxb3 32.Ncd2 Qb4 33.Nxe4 dxe4 34.Nh4 Bd4 35.Rc2 Bxb2 36.Rxb2 Qxa4
37.Nf5 Ne7 38.Ne3 Qd4 39.Re1 Rc3 40.Rb4 Qd2+ 41.Ng2 Rc2 42.Rg1 e3 43.Re4 Nf5
44.Qe1 Ra2 45.h4 Qxe1 46.Rxe1 Rcc2 47.Rg1 h5 48.Kh3 g6  0-1

[Event "HZ Open"]
[Site "Vlissingen NED"]
[Date "2003.08.07"]
[Round "7"]
[White "Rohde,U"]
[Black "Jansen,C"]
[Result "1-0"]
[WhiteElo "2248"]
[BlackElo "2282"]

1.Nf3 Nf6 2.c4 e6 3.g3 b6 4.Bg2 Bb7 5.O-O c5 6.Nc3 Be7 7.Re1 O-O 8.e4 d6
9.d4 cxd4 10.Nxd4 Qc7 11.Be3 a6 12.Rc1 Nbd7 13.f4 Rac8 14.g4 Qb8 15.g5 Ne8
16.f5 e5 17.f6 Bxf6 18.gxf6 exd4 19.fxg7 Nxg7 20.Bxd4 Ne5 21.b3 Bc6 22.Qd2 Rce8
23.Nd5 Bxd5 24.exd5 f6 25.Rf1 Qd8 26.Rc3 f5 27.Rg3 Rf6 28.Qg5 Qe7 29.Rxf5 Rg6
30.Qxe7 Rxe7 31.Rfg5 Rxg5 32.Rxg5 h6 33.Rg3 Kf7 34.Bh3 b5 35.c5 dxc5 36.d6 cxd4
37.dxe7 Ne8 38.Bf5 Nd6 39.Bh7 Kxe7 40.Kf1 Ke6 41.Ke2 Kf6 42.Rg8 Nb7 43.Ra8 Nc5
44.b4 d3+ 45.Kd1 Na4 46.Rxa6+ Kg5 47.Re6 Nb2+ 48.Kc1 Nec4 49.Rg6+ Kf4 50.Rg2 d2+
51.Rxd2 Nxd2 52.Kxd2  1-0

[Event "Sunstar Park Open"]
[Site "Davos SUI"]
[Date "2003.08.08"]
[Round "7"]
[White "Nemet,I"]
[Black "Benkovic,P"]
[Result "1-0"]
[WhiteElo "2425"]
[BlackElo "2474"]

1.c4 c5 2.Nf3 Nf6 3.g3 b6 4.Bg2 Bb7 5.O-O e6 6.Nc3 Be7 7.Re1 d5 8.cxd5 exd5
9.d4 O-O 10.Bf4 Na6 11.Be5 Re8 12.e3 Ne4 13.dxc5 Nxc3 14.Bxc3 bxc5 15.Nd2 Bf6
16.Qa4 Rb8 17.e4 Bxc3 18.bxc3 d4 19.Nc4 dxc3 20.Rad1 Qc7 21.Nd6 Red8 22.Nxb7 Qxb7
23.e5 Qb4 24.Qxa6 c2 25.Rxd8+ Rxd8 26.Rf1 Qc3 27.e6 fxe6 28.Qxe6+ Kh8 29.Qe7 Rb8
30.Qg5 h6 31.Qf4 Rb4 32.Qf8+ Kh7 33.Qf5+ Kg8 34.Bd5+ Kh8 35.Qf8+ Kh7 36.Bg8+ Kg6
37.Qf7+ Kg5 38.f4+ Kg4 39.Qg6+  1-0

[Event "ADCF Masters"]
[Site "Abu Dhabi UAE"]
[Date "2003.08.18"]
[Round "3"]
[White "Gokhale,C"]
[Black "Sadatnajafi,M"]
[Result "1-0"]
[WhiteElo "2357"]
[BlackElo "2223"]

1.Nf3 c5 2.g3 b6 3.Bg2 Bb7 4.O-O Nf6 5.c4 e6 6.Nc3 Be7 7.Re1 d5 8.Ne5 O-O
9.d4 cxd4 10.Qxd4 Nc6 11.Nxc6 Bxc6 12.Rd1 Re8 13.Be3 Rc8 14.cxd5 Nxd5 15.Nxd5 Bxd5
16.Qa4 Bf6 17.Qxa7 Ra8 18.Qxb6 Qxb6 19.Bxb6 Bxg2 20.Kxg2 Bxb2 21.Rab1 Bf6
22.Rd2 Reb8 23.Rb3 h5 24.Bc5 Rc8 25.Bb4 Ra4 26.a3 Rc7 27.Rbd3 Raa7 28.Rd6 Kh7
29.Rb6 Rc1 30.Rb5 Bc3 31.Rd3 Bxb4 32.axb4 Kg6 33.Rb3 Ra2 34.Re5 Rcc2 35.b5 Rab2
36.Rxb2 Rxb2 37.Kf3 Kf6 38.Rc5 g6 39.h4 e5 40.Rc6+ Ke7 41.b6 Kd7 42.Rc7+ Ke6
43.b7 f5 44.Ke3 f4+ 45.gxf4 Rb3+ 46.Ke4 Rb4+ 47.Kd3 exf4 48.Kc3 Rb1 49.Kd4 Kf5
50.f3 g5 51.Kc4 Kf6 52.hxg5+ Kg6 53.Kc5 Kxg5 54.Kc6 Kh4 55.Rh7 Rc1+ 56.Kd7 Rb1
57.Kc8 Rc1+ 58.Rc7 Rb1 59.Rc5 Kg3 60.Rxh5 Kf2 61.Rh2+ Kg3 62.Rh7  1-0

[Event "ADCF Masters"]
[Site "Abu Dhabi UAE"]
[Date "2003.08.20"]
[Round "5"]
[White "Jasim,A"]
[Black "Sadatnajafi,M"]
[Result "0-1"]
[WhiteElo "2318"]
[BlackElo "2223"]

1.Nf3 c5 2.g3 b6 3.Bg2 Bb7 4.c4 Nf6 5.O-O e6 6.b3 Be7 7.Bb2 O-O 8.e3 d6 9.Nc3 Nbd7
10.d4 cxd4 11.Nxd4 Bxg2 12.Kxg2 Qc7 13.f4 Qb7+ 14.Qf3 Qxf3+ 15.Kxf3 Rac8
16.g4 Rfd8 17.Rfd1 a6 18.g5 Nh5 19.Rd2 g6 20.Rad1 Ng7 21.Ne4 Ne8 22.h4 Nc5
23.Nxc5 bxc5 24.Ne2 Bf8 25.Ng3 a5 26.h5 a4 27.hxg6 fxg6 28.Ne4 axb3 29.axb3 Rc6
30.Be5 Be7 31.Bc3 Rb8 32.Ra2 Rcb6 33.Rh1 Rxb3 34.Rah2 d5 35.Rxh7 dxe4+ 36.Kxe4 Rxc3
37.Rh8+ Kf7 38.R1h7+ Ng7 39.Rxb8 Rxc4+ 40.Kd3 Rb4 41.Rc8 Rb7 42.Ke4 Rd7 43.Rc6 Kg8
44.Rh6 Kf7 45.Rh7 Bd6 46.Rc8 Rc7 47.Rd8 Be7 48.Rd1 c4 49.Rc1 Bb4 50.Rc2 Ba5
51.Rh1 Bb6 52.Rb1 Ba7 53.Rcb2 Nf5 54.Ke5 Bxe3 55.Rh2 Bd4+ 56.Ke4 c3 57.Rd1 Bg7
58.Ra2 Nd4 59.Kd3 Ke7 60.Ra4 Nf5 61.Re1 Rd7+ 62.Kc2 Rd2+ 63.Kc1 Bd4 64.Rd1 Rxd1+
65.Kxd1 Kd6 66.Kc2 Ne3+ 67.Kd3 e5 68.fxe5+ Kxe5 69.Ra6 c2 70.Rc6 Bb2  0-1

[Event "14th Sommerpokal"]
[Site "Recklinghausen GER"]
[Date "2003.08.22"]
[Round "5"]
[White "Teske,H"]
[Black "Podzielny,KH"]
[Result "1-0"]
[WhiteElo "2527"]
[BlackElo "2482"]

1.Nf3 Nf6 2.c4 c5 3.g3 b6 4.Bg2 Bb7 5.O-O e6 6.Nc3 a6 7.b3 d6 8.Bb2 Be7 9.e4 Nbd7
10.d4 cxd4 11.Nxd4 Qc8 12.Qe2 O-O 13.Rad1 Re8 14.f4 Qc7 15.g4 g6 16.g5 Nh5
17.Qf2 Rf8 18.Nde2 e5 19.Nd5 Bxd5 20.Rxd5 b5 21.Rc1 bxc4 22.Rxc4 Qa7 23.Qxa7 Rxa7
24.fxe5 Nb6 25.Bd4 Nxc4 26.exd6 Nxd6 27.Bxa7 Nb5 28.Bc5 Bxc5+ 29.Rxc5 Rd8
30.a4 Nd4 31.Nxd4 Rxd4 32.Bf1 Nf4 33.Bxa6 Rd2 34.Bc4 h6 35.h4 hxg5 36.hxg5 Kg7
37.a5 Nh3+ 38.Kf1 Nf4 39.a6 Ra2 40.b4 Ra3 41.b5 Ra5 42.Kf2  1-0

[Event "TCh-BIH"]
[Site "Neum BIH"]
[Date "2003.08.24"]
[Round "2"]
[White "Ruck,R"]
[Black "Zivanic,M"]
[Result "1/2-1/2"]
[WhiteElo "2550"]
[BlackElo "2415"]

1.Nf3 c5 2.g3 b6 3.Bg2 Bb7 4.O-O Nf6 5.c4 e6 6.Nc3 Be7 7.Re1 d6 8.e4 a6 9.d4 cxd4
10.Nxd4 Qc7 11.Be3 Nbd7 12.Rc1 O-O 13.f4 h5 14.h3 Rfe8 15.g4 hxg4 16.hxg4 Nc5
17.Bf2 d5 18.e5 Nfe4 19.Be3 dxc4 20.Nxe4 Nxe4 21.Qc2 Nc5 22.Bxb7 Qxb7 23.Qxc4 Rac8
24.Qc2 b5 25.b3 Nd7 26.Qf2 Qe4 27.Qf3 Qxf3 28.Nxf3 Bc5 29.Bxc5 Nxc5 30.Re3 Nd7
31.Rec3 Nb6 32.Rc6 Red8 33.Ng5 Rxc6 34.Rxc6 Nd5 35.Rxa6 Nxf4 36.Rb6 Ne2+
37.Kg2 Nc3 38.a3 g6 39.Rb7 Rd4 40.Kf3 Rd3+ 41.Kf2 Rd4 42.Kg3 Rd3+ 43.Kh4 Rd1
44.Nxf7 Ne4 45.g5 Rd4 46.Nh6+ Kh8 47.Kh3 Nxg5+ 48.Kg3 Ne4+ 49.Kg2 Ng5 50.Kg3 Ne4+
51.Kg2 Ng5 52.Kg3 Ne4+ 53.Kf3 Ng5+ 54.Kf2 Re4 55.Kg3 Rxe5 56.a4 bxa4 57.bxa4 Ra5
58.Nf7+ Nxf7 59.Rxf7 Rxa4  1/2-1/2

[Event "XI Open A"]
[Site "Mislata ESP"]
[Date "2003.08.25"]
[Round "6"]
[White "Vassallo,M"]
[Black "Ayas Fernandez,A"]
[Result "1-0"]
[WhiteElo "2396"]
[BlackElo "2310"]

1.Nf3 Nf6 2.c4 c5 3.g3 b6 4.Bg2 Bb7 5.O-O e6 6.Nc3 a6 7.b3 d6 8.Bb2 Be7 9.e3 O-O
10.d4 cxd4 11.Nxd4 Qc7 12.f4 Nbd7 13.e4 Rfe8 14.Rc1 Rad8 15.g4 Nc5 16.Re1 e5
17.Nf5 exf4 18.g5 Nfxe4 19.Nxe4 Nxe4 20.Qd4 Bf8 21.Bxe4 d5 22.Nh6+ Kh8 23.cxd5 Qe7
24.h4 Bxd5 25.Bxd5 Qxe1+ 26.Rxe1 Bc5 27.Nxf7+ Kg8 28.Nxd8+  1-0

[Event "22nd NAO"]
[Site "Oklahoma USA"]
[Date "2003.08.30"]
[Round "5"]
[White "Kamberi,S"]
[Black "Goletiani,R"]
[Result "1/2-1/2"]
[WhiteElo "2275"]
[BlackElo "2314"]

1.Nf3 Nf6 2.c4 e6 3.g3 b6 4.Bg2 Bb7 5.O-O c5 6.Nc3 Be7 7.d4 cxd4 8.Qxd4 d6
9.Bg5 O-O 10.Rad1 Nbd7 11.Nb5 e5 12.Qd2 Ne4 13.Bxe7 Qxe7 14.Qb4 Ndc5 15.Nd2 Ng5
16.Nf3 Nxf3+ 17.exf3 Rfd8 18.Rd2 d5 19.cxd5 Bxd5 20.Nc3 Bc6 21.Rfd1 Rxd2
22.Rxd2 Rd8 23.Ne2 h6 24.Qc3 Bb5 25.Bf1 Ba6 26.Rxd8+ Qxd8 27.Qxe5 Ne6 28.Nc3 Ng5
29.Qe3 Bb7 30.Bg2 Qa8 31.Ne4 Qd8 32.h4 Qd1+ 33.Kh2 Ne6 34.Qd2 Qxd2 35.Nxd2 Bd5
36.a3 g5 37.hxg5 hxg5 38.f4 Bxg2 39.Kxg2 gxf4 40.g4 Nd4 41.Nf3 Nc6 42.Kf1 Kg7
43.Ke2 Kf6 44.Kd3 Ne5+ 45.Nxe5 Kxe5 46.f3 Kd5 47.b4 b5 48.Kc3 Ke5 49.Kd3 Kd5
50.Kc3  1/2-1/2

[Event "1st League TCh-SCG w"]
[Site "Budva SCG"]
[Date "2003.09.02"]
[Round "5"]
[White "Ivanisevic,Dusi"]
[Black "Matveeva,S"]
[Result "1/2-1/2"]
[WhiteElo "2097"]
[BlackElo "2478"]

1.Nf3 Nf6 2.c4 c5 3.g3 b6 4.Bg2 Bb7 5.O-O e6 6.Nc3 Be7 7.d4 cxd4 8.Qxd4 d6
9.e4 O-O 10.Rd1 Nbd7 11.Qe3 Qb8 12.Nd4 Re8 13.Qd2 a6 14.b3 Qc7 15.Bb2 Rac8
16.Rac1 Qb8 17.h3 Bf8 18.Kh2 Qa8 19.Re1 Nc5 20.f3 Qb8 21.Rcd1 Red8 22.Qe2 Nh5
23.f4 Nf6 24.e5 dxe5 25.fxe5 Ne8 26.Rf1 Bxg2 27.Qxg2 Qb7 28.Qf2 a5 29.a3 Rxd4
30.Qxd4 Nxb3 31.Qd7 Qxd7 32.Rxd7 f5 33.exf6 Nxf6 34.Rxf6 gxf6 35.Ne4 Bg7
36.Bxf6 Bxf6 37.Nxf6+ Kf8 38.Nxh7+ Ke8 39.Nf6+ Kf8 40.h4 Rxc4 41.Nh7+ Ke8
42.Nf6+ Kf8 43.Nh7+ Ke8 44.Nf6+ Kf8  1/2-1/2

[Event "1st Misr Closed"]
[Site "Cairo EGY"]
[Date "2003.09.02"]
[Round "2"]
[White "Kveinys,A"]
[Black "Ahmed,Es"]
[Result "0-1"]
[WhiteElo "2539"]
[BlackElo "2403"]

1.Nf3 Nf6 2.g3 b6 3.Bg2 Bb7 4.O-O c5 5.c4 e6 6.Nc3 Be7 7.Re1 O-O 8.e4 Nc6
9.e5 Ne8 10.d4 cxd4 11.Nxd4 Qc8 12.Bf4 f6 13.Nxc6 Bxc6 14.Nd5 Bd8 15.Rc1 fxe5
16.Bxe5 Qb7 17.Be4 d6 18.b4 dxe5 19.b5 Bxd5 20.cxd5 Nf6  0-1

[Event "1st League TCh-SCG"]
[Site "Budva SCG"]
[Date "2003.09.03"]
[Round "6"]
[White "Savanovic,A"]
[Black "Vuckovic,Bo"]
[Result "1/2-1/2"]
[WhiteElo "2396"]
[BlackElo "2507"]

1.Nf3 Nf6 2.c4 c5 3.g3 b6 4.Bg2 Bb7 5.O-O e6 6.b3 Be7 7.Bb2 O-O 8.Nc3 d6
9.d4 cxd4 10.Nxd4 Bxg2 11.Kxg2 a6 12.e3 Qc8 13.f4 Ra7 14.Qf3 Rc7 15.Rac1 Nc6
16.Nxc6 Rxc6 17.g4 Nd7 18.Ne4 Nc5 19.Nxc5 Rxc5 20.f5 b5 21.Bd4 Rc7 22.Bxg7 Kxg7
23.f6+ Bxf6 24.Qxf6+ Kg8 25.Qg5+ Kh8 26.Qf6+ Kg8 27.Qg5+  1/2-1/2

[Event "1st League TCh-SCG w"]
[Site "Budva SCG"]
[Date "2003.09.05"]
[Round "7"]
[White "Ivanisevic,Dusi"]
[Black "Bojkovic,N"]
[Result "1-0"]
[WhiteElo "2097"]
[BlackElo "2408"]

1.Nf3 c5 2.c4 Nf6 3.g3 b6 4.Bg2 Bb7 5.O-O e6 6.Nc3 d6 7.d4 cxd4 8.Qxd4 a6
9.e4 Nbd7 10.Re1 Be7 11.Qd2 O-O 12.Nd4 Qc7 13.b3 Rfe8 14.Bb2 Rac8 15.h3 Qb8
16.Rad1 Nc5 17.Kh2 Qa8 18.f3 h6 19.Qe2 Bf8 20.Nc2 Qb8 21.f4 Nh7 22.e5 Bxg2
23.Qxg2 dxe5 24.fxe5 Red8 25.Nd4 Qc7 26.h4 Rd7 27.Ne4 Nxe4 28.Qxe4 Rcd8 29.Rc1 Bc5
30.Nf3 Nf8 31.Rc2 Ng6 32.Ree2 Ne7 33.Rcd2 h5 34.Rxd7 Qxd7 35.Bc3 Qd3 36.Ng5 Nf5
37.Qxd3 Rxd3 38.Be1 Bd4 39.Nh3 Rd1 40.Nf4 g6 41.Bf2 Bxf2 42.Rxf2 Rd3 43.Nxd3  1-0

[Event "1st League TCh-SCG"]
[Site "Budva SCG"]
[Date "2003.09.08"]
[Round "10"]
[White "Kurcubic,A"]
[Black "Vuckovic,Bo"]
[Result "0-1"]
[WhiteElo "2362"]
[BlackElo "2507"]

1.Nf3 Nf6 2.c4 c5 3.g3 b6 4.Bg2 Bb7 5.O-O e6 6.b3 Be7 7.Bb2 d6 8.Nc3 O-O
9.d4 cxd4 10.Qxd4 a6 11.e4 Qc7 12.Rfd1 Nbd7 13.h3 Rad8 14.Rac1 Rfe8 15.Nd2 Qb8
16.Nf1 Bf8 17.g4 Ba8 18.Kh1 Ne5 19.Ne3 Ng6 20.Ne2 d5 21.cxd5 exd5 22.exd5 Nxd5
23.Nxd5 Rxe2 24.Ba1 Bxd5 25.Bxd5 Rxd5 26.Qxd5 Rxf2 27.Be5 Nxe5 28.Rd2 Rxd2
29.Qxd2 Ng6 30.Qd5 Qg3 31.Qg2 Qe3 32.Rc8 Nf4 33.Qf1 Nxh3 34.Rc4 Nf2+ 35.Kg2 Bc5
36.b4 Qh3+  0-1

[Event "EYg18"]
[Site "Budva YUG"]
[Date "2003.09.14"]
[Round "2"]
[White "Papadopoulou,V"]
[Black "Tuvic,N"]
[Result "1-0"]
[WhiteElo "2211"]
[BlackElo "2009"]

1.Nf3 Nf6 2.c4 c5 3.g3 b6 4.Bg2 Bb7 5.O-O e6 6.b3 Be7 7.Bb2 O-O 8.Nc3 d6
9.e3 Nbd7 10.d4 cxd4 11.Nxd4 Bxg2 12.Kxg2 Qc7 13.f4 Nc5 14.Qf3 Rac8 15.Rfd1 a6
16.g4 Rfe8 17.g5 Nfd7 18.h4 Nb8 19.Rac1 Nc6 20.Rd2 Nxd4 21.exd4 Nd7 22.Rf2 Qc6
23.d5 Qb7 24.Re1 Bf8 25.Rfe2 e5 26.Ne4 b5 27.fxe5 dxe5 28.Rf1 Nc5 29.Nxc5 Rxc5
30.Ba3 Rcc8 31.Bxf8 Kxf8 32.Re4 Re7 33.Qf5 g6 34.Qf6 Kg8 35.Rfe1 bxc4 36.bxc4 Rce8
37.R1e2 Qb4 38.Qxa6 Qc5 39.Qf6 Ra7 40.Rf2 Rae7 41.Qf3 Qd6 42.Qe2 Rc8 43.Rf6 Qc5
44.h5 Ra7 45.h6 Ra4 46.Rxe5 Rxc4 47.Rc6 Rc2 48.Rxc5  1-0

[Event "EYb18"]
[Site "Budva YUG"]
[Date "2003.09.15"]
[Round "3"]
[White "Gasthofer,A"]
[Black "Kurmann,O"]
[Result "1-0"]
[WhiteElo "2412"]
[BlackElo "2239"]

1.Nf3 e6 2.g3 b6 3.Bg2 Bb7 4.O-O c5 5.c4 Nf6 6.Nc3 d6 7.b3 Nbd7 8.Bb2 a6
9.d4 cxd4 10.Nxd4 Bxg2 11.Kxg2 Qc7 12.e3 Qb7+ 13.Qf3 Qxf3+ 14.Kxf3 Rc8 15.Rad1 Be7
16.Ke2 O-O 17.f4 g6 18.Kf3 Rfd8 19.g4 Nb8 20.g5 Nfd7 21.h4 Nc6 22.Nxc6 Rxc6
23.h5 Rb8 24.Ne2 b5 25.hxg6 hxg6 26.Rh1 e5 27.Nc3 bxc4 28.Nd5 Bf8 29.Rh2 Rc5
30.b4 Rxd5 31.Rxd5 Nb6 32.Ra5 Bg7 33.fxe5 c3 34.Bxc3 Nc4 35.Rxa6 Bxe5 36.Bxe5 Nxe5+
37.Ke2 Rxb4 38.Ra8+ Kg7 39.Rah8 Rb2+ 40.Kd1  1-0

[Event "CXIII ch-ARM"]
[Site "Yerevan ARM"]
[Date "2003.09.17"]
[Round "2"]
[White "Anastasian,A"]
[Black "Sargissian,G"]
[Result "0-1"]
[WhiteElo "2593"]
[BlackElo "2600"]

1.c4 Nf6 2.Nf3 c5 3.g3 b6 4.Bg2 Bb7 5.O-O e6 6.Nc3 d6 7.d3 Be7 8.e4 a6 9.Ne1 Nc6
10.f4 h5 11.Nf3 Nd7 12.Be3 h4 13.a3 hxg3 14.hxg3 Nf6 15.Ne1 g5 16.f5 Ne5
17.Bxg5 Nfg4 18.Bf4 Bf6 19.Nc2 Ke7 20.fxe6 fxe6 21.Ne3 Qg8 22.Bxe5 Nxe5 23.Rxf6 Kxf6
24.Nf1 Ke7 25.d4 cxd4 26.Qxd4 Qc8 27.Rd1 Qc5 28.Na4 Qxd4+ 29.Rxd4 Rac8 30.Ne3 Bc6
31.Nc3 Rhg8 32.Ne2 b5 33.Kf2 Bd7 34.cxb5 Bxb5 35.Bf1 Nd3+ 36.Kg2 Rcf8 37.Kg1 Ne1
38.Rd1 Bxe2  0-1

[Event "ECC"]
[Site "Rethymnon GRE"]
[Date "2003.09.28"]
[Round "1"]
[White "Mochalov,E"]
[Black "Sinnett,G"]
[Result "1-0"]
[WhiteElo "2417"]
[BlackElo "2010"]

1.Nf3 Nf6 2.c4 e6 3.g3 b6 4.Bg2 Bb7 5.O-O c5 6.Nc3 Be7 7.Re1 d5 8.cxd5 exd5
9.d4 Ne4 10.dxc5 Nxc3 11.bxc3 bxc5 12.Rb1 Qc8 13.c4 Nd7 14.cxd5 O-O 15.e4 Nb6
16.Qc2 c4 17.Nd4 Bc5 18.Be3 Re8 19.Nf5 Qc7 20.Qc3 f6 21.Nd4 Qf7 22.Qa5 Rac8
23.Nb5 Bxe3 24.Rxe3 Nxd5 25.exd5 Rxe3 26.fxe3 Qg6 27.Rc1 Qg5 28.Qd2 Rc5 29.Nc3 Qg6
30.d6  1-0

[Event "2nd League TCh-SCG"]
[Site "Belgrade SCG"]
[Date "2003.09.29"]
[Round "3"]
[White "Katanic Vujic,P"]
[Black "Zivanic,M"]
[Result "0-1"]
[WhiteElo "2308"]
[BlackElo "2415"]

1.Nf3 c5 2.c4 b6 3.g3 Bb7 4.Bg2 Nf6 5.O-O e6 6.Nc3 Be7 7.d4 cxd4 8.Qxd4 d6
9.b3 Nbd7 10.Nb5 Nc5 11.Rd1 d5 12.cxd5 exd5 13.Bh3 O-O 14.Bf4 Ba6 15.Nc3 Ne6
16.Bxe6 fxe6 17.Qe5 Qd7 18.Nd4 Bb4 19.Rac1 Rae8 20.Ncb5 Ng4 21.Qg5 Nxf2 22.Kxf2 Bxb5
23.Kg2 Bc5 24.Be5 h6 25.Qg4 Rf5 26.Qxg7+ Qxg7 27.Bxg7 Kxg7 28.Nxb5 Rf2+ 29.Kh3 Rxe2
30.a4 a5 31.Nc7 Re7 32.Na6 Bf2 33.Rc6 Kf7 34.Nc7 Rd7 35.Kg4 Re4+ 36.Kh5 Re5+
37.Kg4 h5+ 38.Kh4 Bc5 39.Nb5 d4 40.Rc8 d3 41.Rc7 Be7+ 42.Kh3 Red5 43.Rxd7 Rxd7
44.Kg2 Bb4 45.Kf3 d2 46.Ke4 e5 47.Ke3 Ke6 48.Ke4 Kf6  0-1

[Event "ECC"]
[Site "Rethymnon GRE"]
[Date "2003.09.29"]
[Round "2"]
[White "Pantsulaia,L"]
[Black "Palac,M"]
[Result "1-0"]
[WhiteElo "2461"]
[BlackElo "2561"]

1.Nf3 Nf6 2.c4 b6 3.g3 c5 4.Bg2 Bb7 5.O-O e6 6.Nc3 Be7 7.d4 cxd4 8.Qxd4 d6
9.Bg5 a6 10.Rfd1 Nbd7 11.Nd2 Bxg2 12.Kxg2 Rc8 13.Nde4 Rc6 14.Bxf6 Bxf6 15.Nxf6+ Nxf6
16.Rd3 O-O 17.Rad1 Qc7 18.b3 Rc8 19.Ne4 Ne8 20.a4 Qb7 21.Kg1 b5 22.cxb5 axb5
23.Qb4 d5 24.Nc3 Nd6 25.axb5 h6 26.e4 dxe4 27.Nxe4 Qxb5 28.Qxd6  1-0

[Event "Tatry Open"]
[Site "Tatranske Zruby SVK"]
[Date "2003.10.01"]
[Round "6"]
[White "Mrva,Mart"]
[Black "Vavrak,P"]
[Result "1/2-1/2"]
[WhiteElo "2470"]
[BlackElo "2320"]

1.Nf3 Nf6 2.c4 e6 3.g3 b6 4.Bg2 Bb7 5.O-O c5 6.Nc3 Be7 7.Re1 O-O 8.e4 d6
9.d4 cxd4 10.Nxd4 Qc7 11.Ndb5 Qc6 12.Be3 a6 13.Nd4 Qc7 14.Rc1 Nbd7 15.f4 Rfe8
16.g4 Nf8 17.g5 N6d7 18.h4 e5 19.Nd5 Bxd5 20.cxd5 Qb7 21.Nc6 f6 22.f5 Bd8
23.a4 a5 24.Bf1 Nc5 25.Bb5 fxg5 26.Nxd8 Rexd8 27.Bc6 Qf7 28.Bxa8 Rxa8 29.Bxc5 bxc5
30.hxg5 Rb8 31.b3 Qe7 32.Qg4 Rxb3 33.Rb1 c4 34.Rxb3 cxb3 35.Rf1 b2 36.Qg2 Qb7
37.Rb1 Qb4 38.Qe2 Qc5+ 39.Kh2 Qc1 40.Rxb2 Qxg5 41.Qf3 Nd7 42.Rg2 Qh6+ 43.Qh3 Qf4+
44.Qg3 Qh6+ 45.Kg1 Qc1+ 46.Kf2 Qd2+ 47.Kf1 Qd1+ 48.Qe1 Qxa4 49.Kg1 h6 50.Kh2 Nf6  1/2-1/2

[Event "ECC"]
[Site "Rethymnon GRE"]
[Date "2003.10.02"]
[Round "5"]
[White "Mochalov,E"]
[Black "Edvardsson,K"]
[Result "1-0"]
[WhiteElo "2417"]
[BlackElo "2253"]

1.Nf3 Nf6 2.c4 b6 3.g3 Bb7 4.Bg2 c5 5.O-O e6 6.Nc3 a6 7.Re1 d6 8.e4 Be7 9.d4 cxd4
10.Nxd4 Qc7 11.Be3 O-O 12.Rc1 Re8 13.f4 Nfd7 14.Nd5 exd5 15.cxd5 Nc5 16.b4 Nbd7
17.bxc5 bxc5 18.Nf5 Bf8 19.Bd4 g6 20.Ne3 a5 21.Ba1 Bg7 22.Bxg7 Kxg7 23.Qd2 Ba6
24.e5 Rab8 25.e6 Nf6 26.Qc3 fxe6 27.dxe6 Rxe6 28.Nd5 Qf7 29.Rxe6 Qxe6 30.Re1 Qf7
31.Nxf6  1-0

[Event "29th Guernsey Open"]
[Site "Les Dicqs GCI"]
[Date "2003.10.25"]
[Round "7"]
[White "Lock,G"]
[Black "Simmons,Mat"]
[Result "1-0"]
[WhiteElo "2133"]
[BlackElo "2066"]

1.Nf3 Nf6 2.c4 e6 3.g3 b6 4.Bg2 Bb7 5.O-O c5 6.Nc3 Be7 7.Re1 d6 8.e4 e5 9.d3 O-O
10.Bh3 h6 11.a3 Bc8 12.Bxc8 Qxc8 13.Nh4 Qh3 14.Nf5 Nc6 15.Nd5 Rae8 16.Nxf6+ Bxf6
17.Be3 h5 18.Qa4 Nd4 19.Bxd4 exd4 20.Nxd6 Re6 21.Qd1 Be5 22.Nf5 g6 23.Nh4 Bf6
24.Ng2 g5 25.Qf3 Rfe8 26.Qf5 Qxf5 27.exf5 Re5 28.h3 Kf8 29.g4 hxg4 30.hxg4 Re2
31.Rxe2 Rxe2 32.Rb1 Rd2 33.Ne1 Ke7 34.Kg2 Kd6 35.Kf1 a6 36.a4 Kc6 37.b3 Bd8
38.Nf3 Rc2 39.Ne5+ Kc7 40.Nxf7 Bf6 41.Re1 Kd7 42.Re6 Bg7 43.Ne5+ Bxe5 44.Rxe5 Rc3
45.Ke2 Rc2+ 46.Kf3 Rd2 47.f6 Rxd3+ 48.Kg2 Kd6 49.Re4 Re3 50.fxe3  1-0

[Event "Curacao Open"]
[Site "Willemstad AHO"]
[Date "2003.10.26"]
[Round "2"]
[White "Woerdemann,M"]
[Black "Greenfeld,A"]
[Result "0-1"]
[WhiteElo "2319"]
[BlackElo "2527"]

1.Nf3 Nf6 2.c4 c5 3.g3 b6 4.Bg2 Bb7 5.O-O e6 6.Nc3 a6 7.Re1 d6 8.e4 Be7 9.d4 cxd4
10.Nxd4 Qc7 11.Be3 Nbd7 12.Rc1 Rc8 13.f4 Qb8 14.Qe2 O-O 15.f5 e5 16.Nb3 b5
17.cxb5 axb5 18.Qxb5 Qa8 19.Qa5 Ng4 20.Qxa8 Rxa8 21.Bd2 Bd8 22.Bf3 Bb6+ 23.Kg2 Nf2
24.Re2 Nd3 25.Rb1 Ba6 26.Nd5 Bc4 27.Nxb6 Nxb6 28.Bc3 Rxa2 29.Nd2 Ba6 30.Nb3 Na4
31.Rd2 Rb8 32.Bd1 g6 33.f6 h5 34.Bc2 Nxc3 35.bxc3 Rxb3 36.Rxb3 Rxc2 37.Rxc2 Ne1+
38.Kf2 Nxc2 39.Rb6 Bd3 40.Rxd6 Bxe4 41.Rd8+ Kh7 42.Re8 Bf5 43.Rxe5 Na3 44.h4 Nc4
45.Re7 Be6 46.Kf3 Nb6 47.Kf4 Nd5+ 48.Ke5 Nxe7 49.fxe7 Bd7 50.c4 Kg7 51.c5 Ba4  0-1

[Event "WYb18"]
[Site "Halkidiki GRE"]
[Date "2003.10.27"]
[Round "5"]
[White "Pantsulaia,L"]
[Black "Shytaj,L"]
[Result "1/2-1/2"]
[WhiteElo "2482"]
[BlackElo "2343"]

1.Nf3 Nf6 2.c4 c5 3.g3 b6 4.Bg2 Bb7 5.O-O e6 6.Nc3 Be7 7.d4 cxd4 8.Qxd4 d6
9.Rd1 a6 10.b3 Nbd7 11.e4 O-O 12.Ba3 Nc5 13.e5 dxe5 14.Qxd8 Rfxd8 15.Nxe5 Bxg2
16.Kxg2 Bf8 17.f4 Rac8 18.Kf3 Nfd7 19.Nxd7 Nxd7 20.Bxf8 Kxf8 21.Rd6 Nf6 22.Rad1 Rxd6
23.Rxd6 b5 24.Rxa6 bxc4 25.bxc4 Rxc4 26.Ne2 Nd5 27.Ra7 h6 28.h4 h5 29.a4 g6
30.Kf2 Kg7 31.Ke1 Nc3 32.Nxc3 Rxc3 33.Kf2 Rc2+ 34.Ke3 Rc3+ 35.Kf2  1/2-1/2

[Event "LXVIII ch-ESP Abierto"]
[Site "Burgos ESP"]
[Date "2003.10.28"]
[Round "5"]
[White "Roa Alonso,S"]
[Black "Aguera Naredo,J"]
[Result "0-1"]
[WhiteElo "2352"]
[BlackElo "2376"]

1.Nf3 Nf6 2.c4 e6 3.g3 b6 4.Bg2 Bb7 5.O-O c5 6.b3 Be7 7.Bb2 O-O 8.e3 d6 9.Qe2 Nbd7
10.Rd1 Qc7 11.Nc3 Rac8 12.Rac1 Qb8 13.d4 Qa8 14.d5 exd5 15.Nh4 dxc4 16.Bxb7 Qxb7
17.bxc4 g6 18.Nd5 Nxd5 19.Rxd5 b5 20.Ba1 bxc4 21.Qxc4 Nb6 22.Qc3 f6 23.Rdd1 d5
24.a4 Rfd8 25.Qc2 Kg7 26.a5 Nc4 27.e4 Nxa5 28.Rb1 Qa8 29.Qa2 Nc6 30.exd5 Nb4
31.Qe2 Rc7 32.Ng2 Nxd5 33.Rbc1 Qc6 34.h4 c4 35.h5 c3 36.hxg6 hxg6 37.Rd4 Ba3
38.Rxd5 Qxd5 39.Nf4 Qd2 40.Qe4 Qxc1+ 41.Kg2 Rd6 42.Qxg6+ Kf8 43.Qh6+ Ke8
44.Qg6+ Kd7 45.Qf7+ Kc8 46.Qe8+ Kb7 47.Qb5+ Rb6 48.Qd5+ Kb8  0-1

[Event "Curacao Open"]
[Site "Willemstad AHO"]
[Date "2003.10.28"]
[Round "4"]
[White "Woerdemann,M"]
[Black "Szmetan,J"]
[Result "1-0"]
[WhiteElo "2319"]
[BlackElo "2404"]

1.Nf3 c5 2.c4 Nf6 3.g3 b6 4.Bg2 Bb7 5.O-O e6 6.Nc3 Be7 7.Re1 d5 8.cxd5 Nxd5
9.e4 Nb4 10.d4 cxd4 11.Nxd4 N8c6 12.Nxc6 Qxd1 13.Rxd1 Bxc6 14.Bf4 g5 15.Bd6 Rd8
16.e5 Bxg2 17.Kxg2 Bxd6 18.exd6 f5 19.Nb5 Nc6 20.Rac1 Kd7 21.Nxa7  1-0

[Event "WYb16"]
[Site "Halkidiki GRE"]
[Date "2003.10.30"]
[Round "8"]
[White "Lysyj,I"]
[Black "Papp,Ga"]
[Result "1-0"]
[WhiteElo "2470"]
[BlackElo "2432"]

1.Nf3 Nf6 2.c4 e6 3.g3 b6 4.Bg2 Bb7 5.O-O c5 6.b3 Be7 7.Bb2 O-O 8.e3 Nc6
9.Nc3 d5 10.cxd5 exd5 11.d4 Rc8 12.Rc1 Ba6 13.Re1 c4 14.bxc4 Bxc4 15.Ne5 Na5
16.Nxc4 Nxc4 17.Qb3 b5 18.Ba1 Ba3 19.Rcd1 a6 20.e4 dxe4 21.Nxe4 Nxe4 22.Bxe4 Qd6
23.Qd3 h6 24.Bf5 Rcd8 25.Re2 Rfe8 26.d5 Rxe2 27.Qxe2 Bc5 28.Bc2 Qb6 29.Kg2 g6
30.Bb3 Bf8 31.Bxc4 bxc4 32.Qe5 f6 33.Qe4 Kh7 34.Qxc4 Bg7 35.Bd4 Qb5 36.Qxb5 axb5
37.Bc5 f5 38.d6 Bf8 39.Bb4 Kg7 40.Rd5 Kf7 41.a3 Rb8 42.d7 Bxb4 43.axb4 Ke7
44.h4 Rd8 45.h5 Rxd7 46.Rxb5 gxh5 47.Rxf5 h4 48.Rf3 hxg3 49.Kxg3 Rb7 50.Rb3 Rb5
51.Kf4 h5 52.Re3+ Kf6 53.Rb3 Ke6 54.Rb1 Kd5 55.f3 Kd6 56.Ke4 Kd7 57.Rb2 Kd6
58.Rb3 h4 59.Kf4 h3 60.Kg3 Rh5 61.Rb2 Kc6 62.f4 Kb5 63.Rh2 Rh8 64.f5 Rg8+
65.Kf4 Rh8 66.Kg4 Rg8+ 67.Kh5 Rh8+ 68.Kg6 Kxb4 69.f6 Rg8+ 70.Kf5 Rg3 71.Ke4 Rg6
72.Ke5 Rg3 73.Rf2 Rg2 74.Rf1 Re2+ 75.Kf5 h2 76.f7 Ka4 77.f8=Q h1=Q 78.Rf4+ Kb3
79.Qb4+ Ka2 80.Qc4+ Ka1 81.Qxe2 Qh7+ 82.Kg4 Qg6+ 83.Kh3 Qh7+ 84.Kg2 Qb7+
85.Qf3 Qb2+ 86.Kg1 Qb6+ 87.Kg2 Qb2+ 88.Kg3 Qg7+ 89.Rg4 Qc7+ 90.Kg2 Qc2+ 91.Qf2 Qc6+
92.Kg1 Qc2 93.Qf1+  1-0

[Event "TCh-SLO"]
[Site "Celje SLO"]
[Date "2003.11.21"]
[Round "6"]
[White "Mohr,G"]
[Black "Justin,M"]
[Result "1/2-1/2"]
[WhiteElo "2465"]
[BlackElo "2379"]

1.Nf3 c5 2.c4 Nf6 3.g3 b6 4.Bg2 Bb7 5.O-O e6 6.Nc3 d6 7.Re1 Nbd7 8.e4 Rc8
9.b3 a6 10.d4 cxd4 11.Nxd4 Qc7 12.Bb2 Be7 13.f4 O-O 14.Rc1 Rfd8 15.f5 e5
16.Nc2 b5 17.cxb5 axb5 18.Kh1 Qa5 19.b4 Qa8 20.Qd3 Rc4 21.a3 Nb6 22.Ne3 Nxe4
23.Rc2 Nxc3 24.Nxc4 bxc4 25.Qxc3 f6 26.Qe3 Bxg2+ 27.Rxg2 Na4 28.Bd4 Qb7 29.Qe2 d5
30.Bxe5 fxe5 31.Qxe5 Bf6 32.Qe6+ Kf8 33.g4 h6 34.h4 Qe7 35.Qxe7+ Bxe7 36.g5 c3
37.f6 Bxf6 38.gxf6 gxf6 39.Re6 Kf7 40.Ra6 d4 41.Rf2 d3 42.Rfxf6+ Kg7 43.Rg6+ Kf7
44.Rgf6+ Kg7 45.Rg6+ Kf7  1/2-1/2